000 00537nam a2200181 a 4500
005 20210223130807.0
008 081108s2000 mx r 000 0 spa d
035 _aUPN01000165634
049 _aUNE
080 _aDO 341.16: 001: 061.3 "2000" CON 164a.
111 2 _aUNESCO. Consejo Ejecutivo, 164a.; 2002: París
245 1 0 _aConsejo Ejecutivo, 164a.; 2002: París.
260 _aParís: UNESCO, 2002.
300 _apág. irregular
690 _aReuniones
_916631
690 _aConsejo Ejecutivo de la UNESCO
905 _aUNESCO
999 _c137746
_d137746